书目信息 |
| 题名: |
当唐诗遇上美食
|
|
| 作者: | 吴健康 编著 | |
| 分册: | ||
| 出版信息: | 沈阳 万卷出版公司 2024.09 |
|
| 页数: | 278页 | |
| 开本: | 21cm | |
| 丛书名: | 寻味历史 | |
| 单 册: | ||
| 中图分类: | TS971.2 (2) , I207.227.42 , TS971.2 | |
| 科图分类: | ||
| 主题词: | 饮食--yin shi--文化史--中国--唐代 , 唐诗--tang shi--诗歌欣赏--通俗读物 | |
| 电子资源: | ||
| ISBN: | 978-7-5470-6563-1 | |
| 000 | 01191nam 2200313 450 | |
| 001 | 97670 | |
| 005 | 20250919193523.20 | |
| 010 | @a978-7-5470-6563-1@dCNY39.80 | |
| 100 | @a20240903d2024 em y0chiy50 ea | |
| 101 | 0 | @achi |
| 102 | @aCN@b210000 | |
| 105 | @aa z 000gy | |
| 106 | @ar | |
| 106 | @ar | |
| 200 | 1 | @a当唐诗遇上美食@Adang tang shi yu shang mei shi@f吴健康编著 |
| 210 | @a沈阳@c万卷出版公司@d2024.09 | |
| 215 | @a278页@c图@d21cm | |
| 225 | 2 | @a寻味历史@Axun wei li shi |
| 314 | @a吴健康, 男, 1994年生, 陕西安康人。南京大学中国古代文学博士。在《中国经学》《中华瑰宝》等刊物发表学术论文若干篇。 | |
| 330 | @a本书沿袭寻味历史系列图书的创作方式, 面向热爱历史的大众读者。全书将唐诗中出现的食材、美食、饮品分门别类, 分为蔬食、花果、酒水、谷物等, 介绍食物的源流演变、传统习俗、历史典故等内容, 加以解说、注释, 配以与内容相关的古代名画。 | |
| 410 | 0 | @12001 @a寻味历史 |
| 606 | 0 | @a饮食@Ayin shi@x文化史@y中国@z唐代 |
| 606 | 0 | @a唐诗@Atang shi@x诗歌欣赏@j通俗读物 |
| 690 | @aTS971.2 (2)@v5 | |
| 690 | @aI207.227.42@v5 | |
| 690 | @aTS971.2@v4 | |
| 701 | 0 | @a吴健康@Awu jian kang@4编著 |
| 801 | 0 | @aCN@c20250909 |
| 905 | @a河南城建学院图书馆@dTS971.2@eW800@f1 | |
| 当唐诗遇上美食/吴健康编著.-沈阳:万卷出版公司,2024.09 |
| 278页:图;21cm.-(寻味历史) |
| ISBN 978-7-5470-6563-1:CNY39.80 |
| 本书沿袭寻味历史系列图书的创作方式, 面向热爱历史的大众读者。全书将唐诗中出现的食材、美食、饮品分门别类, 分为蔬食、花果、酒水、谷物等, 介绍食物的源流演变、传统习俗、历史典故等内容, 加以解说、注释, 配以与内容相关的古代名画。 |
| ● |
| 相关链接 |
|
|
|
正题名:当唐诗遇上美食
索取号:TS971.2/W800
 
预约/预借
| 序号 | 登录号 | 条形码 | 馆藏地/架位号 | 状态 | 备注 |
| 1 | 1638716 | 216387167 | 自科库501/501自科库 44排6列3层/ [索取号:TS971.2/W800] | 在馆 |